LEADER 00972nam0-22003611i-450- 001 990001450210403321 005 20040126153653.0 010 $a3-540-41384-7 035 $a000145021 035 $aFED01000145021 035 $a(Aleph)000145021FED01 035 $a000145021 100 $a20010209d2000----km-y0itay50-------- 101 0 $aeng 102 $aDE 105 $aa---a---001yy 200 1 $aLoeb measures in practive$erecent advances$fNigel J. Cutland 210 $aBerlin$cSpringer$dc2000 215 $axi, 111 p.$d24 cm 225 1 $aLecture Notes in Mathematics$vno. 1751 610 0 $aLogica matematica$aFondamenti 610 0 $aAnalisi stocastica 702 1$aCutland,$bNigel J. 801 0$aIT$bUNINA$gRICA$2UNIMARC 901 $aBK 912 $a990001450210403321 952 $aC-20-(1751$b18020$fMA1 959 $aMA1 962 $a03XX 962 $a76M35 962 $a26E35 996 $aLoeb measures in practive$9374194 997 $aUNINA LEADER 01059nam 2200337 450 001 9910586668403321 005 20221013212516.0 010 $a1-83969-654-0 035 $a(CKB)4950000000721843 035 $a(NjHacI)994950000000721843 035 $a(EXLCZ)994950000000721843 100 $a20221013d2021 uy 0 101 0 $aeng 135 $aur||||||||||| 181 $ctxt$2rdacontent 182 $cc$2rdamedia 183 $acr$2rdacarrier 200 00$aAgro-Economic Risks of Phytophthora and an Effective Biocontrol Approach /$fedited by Waleed Mohamed Hussain Abdulkhair 210 1$aLondon :$cIntechOpen,$d2021. 215 $a1 online resource (134 pages) 311 $a1-83969-653-2 606 $aPhytophthora diseases 615 0$aPhytophthora diseases. 676 $a632.4 702 $aMohamed Hussain Abdulkhair$b Waleed 801 0$bNjHacI 801 1$bNjHacl 906 $aBOOK 912 $a9910586668403321 996 $aAgro-Economic Risks of Phytophthora and an Effective Biocontrol Approach$92826854 997 $aUNINA